En Yakın Altı Ülke - Madagaskar - Statistics

General Stats
  • This quiz has been taken 48 times
  • The average score is 2 of 6
Answer Stats
km ülke % Correct
416 Mozambik
63%
389 Komorlar
54%
802 Mauritius
46%
770 Tanzanya
46%
1170 Güney Afrika
37%
546 Malawi
3%
No matching quizzes found
Score Distribution
Percent of People with Each Score
Percentile by Number Answered
Your Score History
You have not taken this quiz